000 01032nam a22003857a 4500
001 BR2018000619
003 BR-BrBNA
005 20230928105233.0
007 ta
008 230509b bl.||||| |||| 00| 0 por d
040 _aBR-BrBNA
_bpor
_cBiblioteca Nacional de Agricultura
041 _a(Por)
072 _aF30
_b0336
090 _ 0336 BR2018000619
100 1 _aZito, R.K.
100 1 _aMello Filho, O.L. de
100 1 _aPereira, M.J.Z.
100 1 _aMeyer, M.C.
100 1 _aHirose, E.
100 1 _aFidelis, A.C.
100 1 _aNenes Júnior, J.
100 1 _aVieira, N.E.
110 1 _aEMBRAPA Soja, Londrina, PR (Brasil)
245 1 _aCultivares de soja: macrorregiões 3, 4 e 5; Goiás e região central do Brasil
260 3 _aLondrina, PR (Brasil):
_c2017.
300 _a47 p.
650 _aSOJA
650 _aVARIEDADE
650 _aSEMENTE
650 _aDOENÇA DE PLANTA
650 _aPLANTA TRANSGÊNICA
650 _aGOIÁS
909 _a202309
_bLucia
_c55
_dLucia Elande
942 _cBK
999 _c84210
_d84210